000 00336nam a22001337a 4500
999 _c54972
_d54972
008 200203b ||||| |||| 00| 0 eng d
041 _aeng
080 _a043.3
082 _a043.3
100 _a0
101 _aMTH
245 _aAplikimi i Dimensioneve Kulturore të Hofstede në Organizatat Kosovare
_cBelallari,V
942 _2udc
_cBK